|
|
|
|
| LEADER |
00000nab a2200000ua 4500 |
| 001 |
vtls010759753 |
| 003 |
SK-MaSNL |
| 005 |
20260228091508.0 |
| 008 |
250718s1992 xo |||||||||||||||||slo| |
| 035 |
|
|
|a (urnnbn)urn:nbn:sk:snk:ar-a01qhp
|
| 035 |
|
|
|a (uuid)66bef3bf-d5b3-4040-92a0-266050edc92e
|
| 035 |
|
|
|a urn:nbn:sk:snk-ab4g9o
|
| 040 |
|
|
|a SNKBUCL
|b slo
|c SNKBUCL
|e AACR2
|
| 041 |
0 |
|
|a slo
|
| 044 |
|
|
|a xo
|c SK
|
| 245 |
0 |
0 |
|a Vytváranie pracovných miest
|
| 773 |
0 |
|
|t Pharma journal : lekárnický časopis
|g Roč. 2, č. mimoriadne číslo (1992), s. 52-53
|
| 850 |
|
|
|a Slovenská národná knižnica
|
| 852 |
|
|
|a Slovenská národná knižnica
|
| 958 |
|
|
|a article3
|
| 958 |
|
|
|a OND
|
| 999 |
|
|
|c 3100745
|d 3102675
|